| 000 | 00382nam a2200145Ia 4500 | ||
|---|---|---|---|
| 008 | 230917s9999||||xx |||||||||||||| ||und|| | ||
| 040 |
_e219571 _aMAIN |
||
| 041 | _aEnglish | ||
| 082 | _a801.95 A46C:A | ||
| 100 | _aCarroll, Mitchell | ||
| 245 | 0 | _aAritotles poetics, C.25 in the light of the Homeric scholia | |
| 260 |
_aLondon _bGeneral Books |
||
| 300 | _a35 p. | ||
| 942 | _cBK | ||
| 999 |
_c166061 _d166061 |
||